01013 a2200253 45000010006000000050017000060080041000230030015000640400040000790800055001192450050001740200022002242640043002463000019002895050182003080410008004901000026004987000031005247000030005557000027005857000027006127000021006398560099006604801420260407155746.0260407a2018 arg spa dAR-UNSa-BCEJYS aAR-UNSa-BCEJYSbspacAR-UNSa-BCEJYS a658.012.32xFormas de organización, de gestión10aGestión de organizaciones. Sector Público a978-987-716-042-0 1aBuenos Aires :bOsmar D. Buyattic2018 a228 p.c22 cm. a1. Gestión de las haciendas públicas - 2. Gestión de hospitales públicos - 3. Gestión de entes municipales - 4. Gestión de las organizaciones de la sociedad civil -  aspa1 aYardin, Amaro Ramón1 aRodríguez, Roberto Mario1 aCanale, Sandra del Carmen1 aBaldini, Roberto Mauro1 aCasari, Marisa Adriana1 aElstein, Daniela41uhttps://www.biblioeco.unsa.edu.ar/pmb/images/libros/L127725.jpgyImagen de portadaqimage/jpeg